000 01142nam0a22002651 4500
001 rc\2322253
005 20260408094828.0
035 _a(NLR Aleph) 006505322
090 _a6273879
_c6273879
100 _a20110829d1977 |||y0rusy50 ca
101 0 _arus
102 _aRU
105 _ay z |||||
200 1 _aXVI Генеральная ассамблея Международного астрономического союза, Франция, Гренобль, 23 авг. - 2 сент. 1976 г.
_eОтчет советской делегации
210 _aМосква
_cБ. и.
_d1977
215 _a255 с.
_d21
300 _aВ надзаг.: Астрон. совет АН СССР, Сов. нац. ком...
606 _aАстрономия
_xСъезды, совещания и конференции международные
_2rkp
710 0 2 _aМеждународный астрономический союз
_bСъезд
_d16
_f1976
_eГренобль
_3RU\NLR\AUTH\8810235981
_9357221
801 0 _aRU
_bNLR
_gpsbo
801 1 _aRU
_bELAR
_2rusmarc
852 _aNLR
_j78-5/2259
942 _cBOOK
980 _aNB